| 000 | 01538 a2200217 4500 | ||
|---|---|---|---|
| 001 | 57667 | ||
| 005 | 20260407155836.0 | ||
| 008 | 260407a2004 arg spa d | ||
| 003 | AR-UNSa-BCEJYS | ||
| 040 |
_aAR-UNSa-BCEJYS _bspa _cAR-UNSa-BCEJYS |
||
| 080 |
_a334.713 _xPequeña industria (Pymes) |
||
| 245 | 1 | 0 |
_aLas Pymes argentinas _pmitos y realidades |
| 020 | _a987-21698-0-2 | ||
| 264 | 1 |
_aBuenos Aires : _bABAPPRA _c2004 |
|
| 300 |
_a280 p. _c20 cm. |
||
| 505 | _a1. Presentación / Carlos Heller – 2. La realidad PyMe / Edgardo Acuña – 3. El entorno macroeconómico y su impacto sobre las PyMEs / Debora Giorgi y Hernan del Villar – 4. Políticas públicas para las PyMEs / Federico Poli – 5. Las PyMes y su importancia para la competitividad estratégica / Gabriel Yoguel – 6. Las “economías de aglomeración” en los manchones territoriales-sectoriales de MyMi / Vicente N. Donato – 7. PyMEs, patrón de crecimiento y empleo en Argentina / Daniel Kostzer y Diego Schleser – 8. La inserción externa de la economía argentina y la problemática PyME: entre la gestión de políticas y los condicionamientos macroeconómicos / Gustavo Svarzman – 9. La crónica restricción de acceso al crédito de las PyMEs argentinas. Diagnóstico y propuestas / Leonardo Bleger y Mariano Borzel – 10. Definición PyME en la Argentina / IdePyME | ||
| 041 | _aspa | ||
| 942 | _cBK | ||
| 590 | _aniveau_biblio:m niveau_hierar:0 | ||
| 100 | 1 | _aAsociación de Bancos Públicos y Privados de la República Argentina (ABAPPRA) | |
| 999 |
_c6219 _d6219 |
||